Statistics for Oldest Countries

Click here to take the quiz!

General Stats

  • This quiz has been taken 38 times
    (6 since last reset)
  • The average score is 4 of 10

Answer Stats

HintAnswer% Correct
6China
100%
2Egypt
83%
7India
67%
1Iran
50%
9Israel
33%
10Sudan
33%
4Armenia
17%
8Georgia
17%
5North Korea
0%
3Vietnam
0%

Score Distribution

Percentile by Number Answered

Percent of People with Each Score

Your Score History

You have not taken this quiz since the last reset